[Event "RUS Cup U15 final"]
[White "Breskanu, Nikita"]
[Black "Sabirov, Timur"]
[Site "Bryansk"]
[Round "4"]
[Result "1-0"]
[Date "2019.01.07"]
[WhiteElo "2104"]
[BlackElo "1948"]
[PlyCount "103"]
[EventDate "2019.01.04"]
[EventType "tourn"]
[EventRounds "7"]
[EventCountry "RUS"]
[SourceTitle "CBM 189 Extra"]
[Source "ChessBase"]
[SourceDate "2019.05.31"]
[SourceVersion "1"]
[SourceVersionDate "2019.05.31"]
[SourceQuality "1"]

1. d4 Nf6 2. Bf4 c5 3. e3 Qb6 4. Nc3 Qxb2 5. Nb5 Nd5 6. a3 Nxf4 7. exf4 cxd4 8. Rb1 Qa2 9. Nc7+ Kd8 10. Nxa8 Nc6 11. Nf3 Qxa3 12. Bd3 e6 13. 0-0 Qd6 14. Be4 b6 15. Bxc6 Qxc6 16. Ne5 Qxa8 17. Nxf7+ Ke8 18. Nxh8 Qd5 19. Qg4 Bb7 20. Rfe1 g6 21. Rb3 Qa5 22. Rd1 Be4 23. Qe2 Bc6 24. Rh3 Qf5 25. Qe5 Qxe5 26. fxe5 Bg7 27. Rxh7 Bxe5 28. Nf7 Bf6 29. Nd6+ Kd8 30. Rh6 Be7 31. Rxd4 Kc7 32. Ne8+ Kd8 33. Rh8 d5 34. Nf6+ Kc7 35. Ng4 Kd6 36. Rg8 g5 37. Rd2 b5 38. Nh6 Ke5 39. Rc8 Kd6 40. Nf7+ Kd7 41. Rg8 Bf6 42. Nxg5 a5 43. Re2 e5 44. Rg6 Bxg5 45. Rxg5 e4 46. h4 a4 47. h5 a3 48. c3 d4 49. cxd4 e3 50. d5 b4 51. dxc6+ Kxc6 52. Ra5 1-0

[Event "Uljanovsk Volga op"]
[White "Saveliev, Dmitri"]
[Black "Breskanu, Nikita"]
[Site "Uljanovsk"]
[Round "2"]
[Result "1-0"]
[Date "2016.01.05"]
[WhiteElo "2166"]
[BlackElo "1806"]
[PlyCount "75"]
[EventDate "2016.01.05"]
[EventType "swiss"]
[EventRounds "9"]
[EventCountry "RUS"]
[SourceTitle "CBM 170 Extra"]
[Source "ChessBase"]
[SourceDate "2016.02.25"]
[SourceVersion "1"]
[SourceVersionDate "2016.02.25"]
[SourceQuality "1"]

1. e4 c5 2. f4 Nc6 3. Nf3 d6 4. Bb5 g6 5. Bxc6+ bxc6 6. c4 Bg7 7. h3 Nf6 8. d3 0-0 9. 0-0 Rb8 10. Nc3 Be6 11. Qe1 d5 12. e5 Ne8 13. b3 Bf5 14. Qd1 h5 15. Na4 Qa5 16. Nh4 dxc4 17. Nxf5 gxf5 18. dxc4 f6 19. Bd2 Qd8 20. Bc3 fxe5 21. fxe5 Qc7 22. Qxh5 Bxe5 23. Rxf5 Rxf5 24. Qxf5 Bxc3 25. Nxc3 Ng7 26. Qe4 Rf8 27. Re1 Qg3 28. Nd1 Kh8 29. Qe5 Qh4 30. Re4 Qh6 31. Ne3 Kh7 32. Ng4 Qc1+ 33. Re1 Qd2 34. Qxe7 Rf4 35. Kh2 Qc3 36. Re5 Kh8 37. Qh4+ Kg8 38. Nh6+ 1-0

[Event "Uljanovsk Povolje op"]
[White "Breskanu, Nikita"]
[Black "Sinicin, Vladimir"]
[Site "Uljanovsk"]
[Round "4"]
[Result "1-0"]
[Date "2015.09.19"]
[WhiteElo "1706"]
[BlackElo "1715"]
[PlyCount "63"]
[EventDate "2015.09.12"]
[EventType "swiss"]
[EventRounds "9"]
[EventCountry "RUS"]
[SourceTitle "EXT 2016"]
[Source "ChessBase"]
[SourceDate "2015.10.08"]
[SourceVersion "1"]
[SourceVersionDate "2015.10.08"]
[SourceQuality "1"]

1. d4 d5 2. c4 e6 3. Nc3 c5 4. cxd5 exd5 5. Nf3 Nc6 6. g3 Nf6 7. Bg5 Be7 8. Bg2 h6 9. Bxf6 Bxf6 10. e3 0-0 11. 0-0 Be6 12. Qd2 a6 13. dxc5 Qa5 14. Nxd5 Bxd5 15. Qxd5 Rfd8 16. Qc4 Be7 17. Rac1 Nb4 18. Ne5 Rf8 19. a3 Nc6 20. Ng6 Qc7 21. Nxf8 Kxf8 22. Qf4 Ne5 23. c6 b5 24. Rfd1 Rd8 25. Rxd8+ Bxd8 26. Rd1 Bg5 27. Qe4 Bf6 28. Qd5 Kg8 29. Qd6 Qc8 30. c7 Kh7 31. Be4+ Ng6 32. Qd7 1-0

[Event "Uljanovsk Povolje op"]
[White "Breskanu, Nikita"]
[Black "Saveliev, Dmitri"]
[Site "Uljanovsk"]
[Round "2"]
[Result "0-1"]
[Date "2015.09.13"]
[WhiteElo "1706"]
[BlackElo "2159"]
[PlyCount "68"]
[EventDate "2015.09.12"]
[EventType "swiss"]
[EventRounds "9"]
[EventCountry "RUS"]
[SourceTitle "EXT 2016"]
[Source "ChessBase"]
[SourceDate "2015.10.08"]
[SourceVersion "1"]
[SourceVersionDate "2015.10.08"]
[SourceQuality "1"]

1. d4 Nf6 2. Nf3 e6 3. Bg5 c5 4. e3 Qb6 5. Bxf6 gxf6 6. Nbd2 Qxb2 7. Ne4 f5 8. Rb1 Qa3 9. Nf6+ Ke7 10. Nh5 Qc3+ 11. Qd2 Qxd2+ 12. Kxd2 cxd4 13. Nxd4 Nc6 14. Be2 Nxd4 15. exd4 Bh6+ 16. Kd3 b6 17. c4 Ba6 18. Kc3 d5 19. Rb4 Rhc8 20. Rd1 Rc7 21. Ra4 Bxc4 22. Bxc4 b5 23. Rb4 Rac8 24. Rxb5 Rxc4+ 25. Kb2 Rc2+ 26. Kb1 Rxf2 27. Rb7+ Kf8 28. Rxa7 Rb8+ 29. Ka1 Be3 30. a4 Rbb2 31. Ra8+ Ke7 32. Ra7+ Kd8 33. Ra8+ Kc7 34. Ra7+ Kb8 0-1

[Event "Uljanovsk Student op"]
[White "Fedechkin, Vladislav"]
[Black "Breskanu, Nikita"]
[Site "Uljanovsk"]
[Round "7"]
[Result "1-0"]
[Date "2014.04.05"]
[WhiteElo "1750"]
[BlackElo "1586"]
[PlyCount "83"]
[EventDate "2014.03.22"]
[EventType "swiss"]
[EventRounds "9"]
[EventCountry "RUS"]
[SourceTitle "EXT 2016"]
[Source "ChessBase"]
[SourceDate "2015.10.08"]
[SourceVersion "1"]
[SourceVersionDate "2015.10.08"]
[SourceQuality "1"]

1. d4 Nf6 2. c4 g6 3. Nc3 Bg7 4. e4 d6 5. Nf3 0-0 6. Be2 c5 7. 0-0 cxd4 8. Nxd4 Nc6 9. Be3 Nxd4 10. Bxd4 h5 11. Rc1 b6 12. Qd3 Bb7 13. Rfd1 Qd7 14. h3 Bc6 15. b3 e5 16. Be3 Ne8 17. b4 Rd8 18. b5 Bb7 19. c5 bxc5 20. Bxc5 f5 21. f3 Bh6 22. Be3 fxe4 23. fxe4 Bxe3+ 24. Qxe3 Nf6 25. Qh6 Qh7 26. Bc4+ Kh8 27. Qe3 Qc7 28. Nd5 Bxd5 29. Bxd5 Nxd5 30. Rxd5 Qb6 31. Qxb6 axb6 32. Rc6 Ra8 33. Rcxd6 Rxa2 34. Rxg6 Kh7 35. Rg5 Ra1+ 36. Kh2 Rff1 37. Rxh5+ Kg6 38. Rdxe5 Rh1+ 39. Kg3 Ra3+ 40. Kh4 Re3 41. Rhg5+ Kh6 42. Rg4 1-0

[Event "Uljanovsk Volga op"]
[White "Privezentsev, Alexey S"]
[Black "Breskanu, Nikita"]
[Site "Uljanovsk"]
[Round "5"]
[Result "1/2-1/2"]
[Date "2014.01.05"]
[WhiteElo "1546"]
[BlackElo "1585"]
[PlyCount "83"]
[EventDate "2014.01.03"]
[EventType "swiss"]
[EventRounds "9"]
[EventCountry "RUS"]
[SourceTitle "CBM 158 Extra"]
[Source "ChessBase"]
[SourceDate "2014.02.28"]
[SourceVersion "1"]
[SourceVersionDate "2014.02.28"]
[SourceQuality "1"]

1. d4 d5 2. e3 Nf6 3. f4 Bg4 4. Nf3 e6 5. Bd3 c5 6. c3 Nc6 7. 0-0 Be7 8. Bd2 cxd4 9. exd4 Qb6 10. Qc2 Bxf3 11. Rxf3 e5 12. fxe5 Nxe5 13. Rg3 Nxd3 14. Rxd3 0-0 15. Rg3 Ne4 16. Rh3 Rac8 17. Be3 f5 18. Nd2 Bg5 19. Bxg5 Nxg5 20. Rd3 f4 21. Rf1 Rce8 22. Nf3 Ne4 23. Kh1 Qh6 24. Kg1 Rf5 25. Ne5 Qb6 26. Ng4 Ref8 27. Rh3 Ng5 28. Rh5 Nf3+ 29. Rxf3 Rxh5 30. Kh1 Qe6 31. Ne5 Qh6 32. h3 Qa6 33. a3 Qe6 34. Qf2 Rxe5 35. dxe5 Qxe5 36. Qd2 g5 37. Rd3 Rd8 38. Rd4 h6 39. c4 Rd6 40. Rxd5 Rxd5 41. cxd5 Qd6 42. Qd3 1/2-1/2

[Event "Uljanovsk Povolje op"]
[White "Nikitin, Dmitry"]
[Black "Breskanu, Nikita"]
[Site "Uljanovsk"]
[Round "2"]
[Result "1-0"]
[Date "2013.08.25"]
[WhiteElo "1830"]
[BlackElo "1562"]
[PlyCount "85"]
[EventDate "2013.08.24"]
[EventType "swiss"]
[EventRounds "9"]
[EventCountry "RUS"]
[SourceTitle "CBM 156 Extra"]
[Source "ChessBase"]
[SourceDate "2013.10.22"]
[SourceVersion "1"]
[SourceVersionDate "2013.10.22"]
[SourceQuality "1"]

1. e4 c6 2. d4 d5 3. e5 Bf5 4. Nf3 e6 5. Be2 h6 6. 0-0 Ne7 7. c4 Nd7 8. Nc3 Bg4 9. Nd2 Bxe2 10. Qxe2 Ng6 11. f4 Qb6 12. c5 Qd8 13. f5 Ngxe5 14. fxe6 fxe6 15. dxe5 Bxc5+ 16. Kh1 Qc7 17. Qh5+ Kd8 18. Nb3 Bb6 19. Rf7 Rf8 20. Rxf8+ Nxf8 21. Bd2 Qe7 22. Rf1 Qe8 23. Qf7 Qxf7 24. Rxf7 Nd7 25. Rxg7 Kc7 26. Na4 Rf8 27. g3 Rf1+ 28. Kg2 Rf2+ 29. Kh3 Re2 30. Bb4 Rxe5 31. Nac5 Bxc5 32. Nxc5 b6 33. Nxd7 Rh5+ 34. Kg2 Rg5 35. Rxg5 hxg5 36. Ne5 c5 37. Bd2 Kd6 38. Nf7+ Ke7 39. Nxg5 e5 40. Kf3 Kf6 41. h4 e4+ 42. Nxe4+ dxe4+ 43. Kxe4 1-0

[Event "Uljanovsk Sidorov Memorial"]
[White "Breskanu, Nikita"]
[Black "Pegov, Valery"]
[Site "Uljanovsk"]
[Round "8"]
[Result "0-1"]
[Date "2013.07.13"]
[WhiteElo "1501"]
[BlackElo "1659"]
[PlyCount "92"]
[EventDate "2013.07.11"]
[EventType "swiss"]
[EventRounds "9"]
[EventCountry "RUS"]
[SourceTitle "EXT 2014"]
[Source "ChessBase"]
[SourceDate "2013.11.20"]
[SourceVersion "1"]
[SourceVersionDate "2013.11.20"]
[SourceQuality "1"]

1. d4 g6 2. e4 Bg7 3. c4 d6 4. Nc3 Nf6 5. f3 0-0 6. Be3 Bd7 7. Nge2 a6 8. Qd2 Nc6 9. g4 e5 10. d5 Na7 11. h4 b5 12. cxb5 Nxb5 13. 0-0-0 Qb8 14. h5 Qb7 15. hxg6 fxg6 16. Bh6 Rf7 17. Bxg7 Rxg7 18. Nxb5 Bxb5 19. Nc3 Bd7 20. Kc2 Rb8 21. Rb1 Qb6 22. Rh2 Qa5 23. b3 Rb4 24. Kb2 Rd4 25. Qe2 Bb5 26. Nxb5 axb5 27. Qe1 b4 28. Rc1 Rf7 29. Rd2 Rxd2+ 30. Qxd2 Rf8 31. Qd3 Ra8 32. Ra1 Nd7 33. Qb5 Qa3+ 34. Kc2 Nc5 35. Qc4 g5 36. Be2 Kg7 37. Bf1 Kf6 38. Be2 h5 39. gxh5 Rh8 40. Kb1 Rxh5 41. Qc2 Rh2 42. Qd2 g4 43. fxg4 Nxe4 44. Qe1 Nc3+ 45. Kc2 Rxe2+ 46. Qxe2 Nxe2 0-1